| 000 | 00516 a2200157 4500 | ||
|---|---|---|---|
| 020 | _a8185617651 | ||
| 082 | _a808.042 BAU | ||
| 090 |
_c913 _d913 |
||
| 100 | _aBaugh, L. Sue. | ||
| 245 |
_a How to write first-class memos : the handbook for practical memo writing _c L. Sue. Baugh, |
||
| 260 |
_aNew Delhi: _bViva Books Pvt. Ltd., _c1998. |
||
| 300 |
_avii, 216 p. ; _c23 cm. |
||
| 500 | _a Includes Index | ||
| 650 | _aBusiness writing. 2.Memorandums.3.English language --Business English. | ||
| 942 |
_cBK _k 808.042 BAU |
||
| 999 |
_c4881 _d4881 |
||